000 00923cab a22002175a 4500
001 L148988
008 091210e20091205xxk F 000 0 eng d
035 _a(Sirsi) u148988
041 0 _aeng
100 1 _aFoo, Alicia
245 0 0 _aNo means of escape
260 _c2009
490 _aEstates Gazette
_v(0948) 5 December 2009, 96-97(2)
520 _aSection 17 notices introduced by the Landlord and Tenant (Covenants) Act 1995 can be used by landlords to recover lost rent and other arrears from former tenants when current leases fall behind with rents or are in administration. Explains the procedure and pitfalls of serving Section 17 notices. (See L148983 and L148984)
590 _aKA
650 2 4 _aLANDLORD AND TENANT (COVENANTS) ACT 1995
651 4 _aENGLAND AND WALES
690 _aPROPERTY-COMMERCIAL PROPERTY-COMMERCIAL LANDLORD AND TENANT-COMMERCIAL LEASES
700 1 _aButler, Naomi
942 _n0
999 _c82024
_d82024